| 000 | 00423pam a2200169a 44500 | ||
|---|---|---|---|
| 008 | 230405s2011 xxu||||| |||| 00| 0 eng d | ||
| 041 | _aENG | ||
| 100 | _aJoshi K.C. | ||
| 245 | _aThe Constitutional Law of India | ||
| 250 | _a1st . Ed. | ||
| 260 |
_aAllahabad _bCental Law Pub. _c2011 |
||
| 300 | _a748p. | ||
| 440 | _abharati bazar | ||
| 650 | _aCONSTITUTIONAL LAW | ||
| 690 | _aCONSTITUTIONAL LAW | ||
| 906 | _a2371 | ||
| 999 |
_c273350 _d273350 |
||